| 000 | 00348nam a2200133Ia 4500 | ||
|---|---|---|---|
| 008 | 240624s9999 xx 000 0 und d | ||
| 041 | _aeng | ||
| 082 | _a332.64 ZHU | ||
| 100 | _aZHU YOU IAN | ||
| 245 | _aDERIVATIVE SECURITIES AND DIFFERENCE MET | ||
| 260 |
_c2004 _aLondon _bSpringer |
||
| 300 | _axviii, : 513 : p. : cm. ; 24 | ||
| 365 |
_cERU _b26 |
||
| 999 |
_c20780 _d20780 |
||